[Event "European Online Club-ch-D 2021"]
[Site "Online"]
[Date "2021.03.27"]
[Round "3.14"]
[White "Kvetny, Mark"]
[Black "Ibrahimli, Murad"]
[Result "0-1"]
[WhiteElo "2416"]
[BlackElo "2436"]
[Annotator "NA"]
[PlyCount "78"]
[EventDate "2021.03.27"]
[EventType "team-tourn"]
[EventCountry "NET"]
[SourceTitle "playchess.com"]
[Source "ChessBase"]
[SourceQuality "1"]
[TimeControl "900+5"]

1. d4 {[%emt 0:00:00]} Nf6 {[%emt 0:00:03]} 2. Nf3 {[%emt 0:00:10]} e6 {[%emt 0:00:03]} 3. Bf4 {[%emt 0:00:06]} Be7 {[%emt 0:00:07]} 4. Nbd2 {[%emt 0:01:06]} c5 {[%emt 0:00:13]} 5. e3 {[%emt 0:00:03]} Nc6 {[%emt 0:00:07]} 6. c3 {[%emt 0:00:06]} Nh5 {[%emt 0:00:30]} 7. Bg3 {[%emt 0:00:14]} Nxg3 {[%emt 0:00:03]} 8. hxg3 {[%emt 0:00:01]} d5 {[%emt 0:00:22]} 9. Bd3 {[%emt 0:00:11]} h6 {[%emt 0:00:20]} 10. Qe2 {[%emt 0:01:29]} Qb6 {[%emt 0:00:09]} 11. Rb1 {[%emt 0:00:10]} Bd7 {[%emt 0:00:02]} 12. g4 {[%emt 0:02:14]} g5 {[%emt 0:03:28]} 13. g3 {[%emt 0:00:46]} O-O-O {[%emt 0:00:22]} 14. Kf1 {[%emt 0:00:38]} Rdf8 {[%emt 0:00:52]} 15. Kg2 {[%emt 0:01:04]} f5 {[%emt 0:00:04]} 16. dxc5 {[%emt 0:00:03]} Qxc5 {[%emt 0:00:22]} 17. b4 {[%emt 0:00:43]} Qd6 {[%emt 0:00:40]} 18. gxf5 {[%emt 0:00:46]} exf5 {[%emt 0:00:06]} 19. b5 {[%emt 0:00:02]} Ne5 {[%emt 0:00:23]} 20. Nxe5 {[%emt 0:00:09]} Qxe5 {[%emt 0:00:02]} 21. Nf3 {[%emt 0:00:02]} Qf6 {[%emt 0:00:31]} 22. b6 {[%emt 0:00:53]} a6 {[%emt 0:01:40]} 23. Bxa6 {[%emt 0:01:39]} f4 {[%emt 0:00:03]} 24. exf4 {[%emt 0:00:29]} gxf4 {[%emt 0:00:04]} 25. Qe5 {[%emt 0:02:37]} Qxe5 {[%emt 0:01:32]} 26. Nxe5 {[%emt 0:00:03]} bxa6 {[%emt 0:00:38]} 27. Ng6 {[%emt 0:00:32]} f3+ {[%emt 0:00:06]} 28. Kh2 {[%emt 0:00:06]} Bg5 {[%emt 0:00:01]} 29. Nxh8 {[%emt 0:00:21]} Rxh8 {[%emt 0:00:03]} 30. Rhd1 {[%emt 0:00:21]} Bc6 {[%emt 0:00:08]} 31. Rd3 {[%emt 0:00:05]} Rf8 {[%emt 0:00:08]} 32. Re1 {[%emt 0:00:02]} Kb7 {[%emt 0:00:16]} 33. Re6 {[%emt 0:00:08]} a5 {[%emt 0:00:17]} 34. Rd4 {[%emt 0:00:21]} Rf6 {[%emt 0:00:58]} 35. Rxf6 {[%emt 0:00:07]} Bxf6 {[%emt 0:00:02]} 36. Rf4 {[%emt 0:00:01]} Bxc3 {[%emt 0:00:02]} 37. Rxf3 {[%emt 0:00:01]} d4 {[%emt 0:00:01]} 38. Rd3 {[%emt 0:00:08]} Be4 {[%emt 0:00:04]} 39. Rd1 {[%emt 0:00:02]} Bc2 {[%emt 0:00:02]} 0-1

[Event "European Online Club-ch-D 2021"]
[Site "Online"]
[Date "2021.03.27"]
[Round "3.15"]
[White "Eynullayev, Atilla"]
[Black "Maciol, Ryszard"]
[Result "1-0"]
[WhiteElo "2347"]
[BlackElo "2154"]
[Annotator "NA"]
[PlyCount "67"]
[EventDate "2021.03.27"]
[EventType "team-tourn"]
[EventCountry "NET"]
[SourceTitle "playchess.com"]
[Source "ChessBase"]
[SourceQuality "1"]
[TimeControl "900+5"]

1. e4 {[%emt 0:00:00]} e6 {[%emt 0:00:03]} 2. d4 {[%emt 0:00:03]} d5 {[%emt 0:00:02]} 3. e5 {[%emt 0:00:01]} c5 {[%emt 0:00:02]} 4. c3 {[%emt 0:00:01]} Qb6 {[%emt 0:00:02]} 5. Nf3 {[%emt 0:00:04]} Nc6 {[%emt 0:00:04]} 6. a3 {[%emt 0:00:02]} Nh6 {[%emt 0:00:04]} 7. b4 {[%emt 0:00:02]} cxd4 {[%emt 0:00:02]} 8. b5 {[%emt 0:00:01]} Na5 {[%emt 0:00:46]} 9. Bxh6 {[%emt 0:00:03]} gxh6 {[%emt 0:00:36]} 10. cxd4 {[%emt 0:00:01]} Bd7 {[%emt 0:00:50]} 11. Nbd2 {[%emt 0:00:02]} Bg7 {[%emt 0:00:25]} 12. Bd3 {[%emt 0:00:33]} Rc8 {[%emt 0:00:30]} 13. a4 {[%emt 0:00:37]} Nc4 {[%emt 0:00:18]} 14. Bxc4 {[%emt 0:00:50]} dxc4 {[%emt 0:00:04]} 15. Ne4 {[%emt 0:00:03]} Qa5+ {[%emt 0:01:52]} 16. Kf1 {[%emt 0:00:06]} Kf8 {[%emt 0:00:54]} 17. Nd6 {[%emt 0:03:10]} Rc7 {[%emt 0:00:09]} 18. Nd2 {[%emt 0:01:57]} Qc3 {[%emt 0:00:25]} 19. N2e4 {[%emt 0:00:08]} Qd3+ {[%emt 0:00:38]} 20. Qxd3 {[%emt 0:01:08]} cxd3 {[%emt 0:00:02]} 21. Nc5 {[%emt 0:00:15]} Ke7 {[%emt 0:02:26]} 22. Nxd3 {[%emt 0:00:49]} f6 {[%emt 0:00:01]} 23. Ke2 {[%emt 0:00:41]} fxe5 {[%emt 0:01:13]} 24. dxe5 {[%emt 0:00:03]} Rf8 {[%emt 0:00:32]} 25. f4 {[%emt 0:01:35]} Rc2+ {[%emt 0:00:13]} 26. Ke3 {[%emt 0:00:01]} a6 {[%emt 0:00:31]} 27. g3 {[%emt 0:00:27]} Ra8 {[%emt 0:00:44]} 28. Rhc1 {[%emt 0:01:18]} Rxh2 {[%emt 0:00:34]} 29. Rc7 {[%emt 0:00:17]} Kd8 {[%emt 0:00:04]} 30. b6 {[%emt 0:00:28]} Bf8 {[%emt 0:00:31]} 31. Nxb7+ {[%emt 0:00:03]} Ke8 {[%emt 0:00:04]} 32. Ndc5 {[%emt 0:00:02]} Rc2 {[%emt 0:01:56]} 33. Nxd7 {[%emt 0:00:22]} Rxc7 {[%emt 0:00:06]} 34. Nf6+ {[%emt 0:00:01]} 1-0

[Event "European Online Club-ch-D 2021"]
[Site "Online"]
[Date "2021.03.27"]
[Round "3.16"]
[White "Skulte, Christopher"]
[Black "Samadov, Read"]
[Result "0-1"]
[WhiteElo "2055"]
[BlackElo "2332"]
[Annotator "NA"]
[PlyCount "48"]
[EventDate "2021.03.27"]
[EventType "team-tourn"]
[EventCountry "NET"]
[SourceTitle "playchess.com"]
[Source "ChessBase"]
[SourceQuality "1"]
[TimeControl "900+5"]

1. e4 {[%emt 0:00:00]} c5 {[%emt 0:00:03]} 2. Nf3 {[%emt 0:00:04]} d6 {[%emt 0:00:03]} 3. Nc3 {[%emt 0:00:04]} a6 {[%emt 0:00:29]} 4. a4 {[%emt 0:00:04]} Nc6 {[%emt 0:00:10]} 5. Bc4 {[%emt 0:00:34]} Nf6 {[%emt 0:00:20]} 6. O-O {[%emt 0:00:04]} e6 {[%emt 0:00:10]} 7. d4 {[%emt 0:00:23]} cxd4 {[%emt 0:00:08]} 8. Nxd4 {[%emt 0:00:03]} Be7 {[%emt 0:00:03]} 9. Bg5 {[%emt 0:00:35]} O-O {[%emt 0:00:26]} 10. Re1 {[%emt 0:00:46]} Bd7 {[%emt 0:01:13]} 11. Qd2 {[%emt 0:01:35]} Rc8 {[%emt 0:00:20]} 12. Bf1 {[%emt 0:00:07]} Qb6 {[%emt 0:02:15]} 13. Nb3 {[%emt 0:00:29]} Rfd8 {[%emt 0:00:59]} 14. Nd5 {[%emt 0:02:29]} exd5 {[%emt 0:00:47]} 15. exd5 {[%emt 0:00:03]} Ne5 {[%emt 0:00:21]} 16. Nd4 {[%emt 0:00:39]} Nxd5 {[%emt 0:00:36]} 17. Bxe7 {[%emt 0:01:27]} Nxe7 {[%emt 0:00:03]} 18. Re3 {[%emt 0:00:23]} Nf5 {[%emt 0:00:22]} 19. Nxf5 {[%emt 0:00:25]} Bxf5 {[%emt 0:00:02]} 20. Rae1 {[%emt 0:00:09]} Rxc2 {[%emt 0:00:53]} 21. Qd5 {[%emt 0:00:27]} Be6 {[%emt 0:00:13]} 22. Qe4 {[%emt 0:00:10]} Rcc8 {[%emt 0:00:07]} 23. Kh1 {[%emt 0:00:08]} Ng4 {[%emt 0:00:29]} 24. Qf4 {[%emt 0:00:34]} Nxe3 {[%emt 0:00:04]} 0-1

[Event "European Online Club-ch-D 2021"]
[Site "Online"]
[Date "2021.03.27"]
[Round "3.17"]
[White "Roubalik, Jakub"]
[Black "Tokhirjonova, Gulrukhbegim"]
[Result "1-0"]
[WhiteElo "2391"]
[BlackElo "2362"]
[Annotator "NA"]
[PlyCount "83"]
[EventDate "2021.03.27"]
[EventType "team-tourn"]
[EventCountry "NET"]
[SourceTitle "playchess.com"]
[Source "ChessBase"]
[SourceQuality "1"]
[TimeControl "900+5"]

1. d4 {[%emt 0:00:00]} Nf6 {[%emt 0:00:03]} 2. c4 {[%emt 0:00:13]} e6 {[%emt 0:00:04]} 3. Nf3 {[%emt 0:00:02]} d5 {[%emt 0:00:02]} 4. Nc3 {[%emt 0:00:02]} Bb4 {[%emt 0:00:03]} 5. Qa4+ {[%emt 0:00:29]} Nc6 {[%emt 0:00:03]} 6. Bg5 {[%emt 0:00:20]} Bd7 {[%emt 0:00:12]} 7. Qc2 {[%emt 0:00:09]} h6 {[%emt 0:00:04]} 8. Bxf6 {[%emt 0:00:09]} Qxf6 {[%emt 0:00:03]} 9. e3 {[%emt 0:00:06]} O-O {[%emt 0:00:07]} 10. a3 {[%emt 0:00:18]} Bxc3+ {[%emt 0:00:29]} 11. Qxc3 {[%emt 0:00:04]} Rfe8 {[%emt 0:00:04]} 12. cxd5 {[%emt 0:01:39]} exd5 {[%emt 0:00:03]} 13. Be2 {[%emt 0:00:01]} Rac8 {[%emt 0:00:18]} 14. O-O {[%emt 0:00:21]} Bg4 {[%emt 0:00:10]} 15. Qb3 {[%emt 0:01:36]} Qd6 {[%emt 0:00:25]} 16. Rac1 {[%emt 0:00:27]} Nd8 {[%emt 0:00:10]} 17. Qa4 {[%emt 0:00:11]} Nc6 {[%emt 0:04:01]} 18. Rc5 {[%emt 0:01:28]} Rcd8 {[%emt 0:02:58]} 19. Rfc1 {[%emt 0:00:28]} Qg6 {[%emt 0:01:50]} 20. Qd1 {[%emt 0:01:27]} Rd6 {[%emt 0:00:47]} 21. b4 {[%emt 0:00:23]} a6 {[%emt 0:00:06]} 22. Qd2 {[%emt 0:01:42]} Qf6 {[%emt 0:00:22]} 23. a4 {[%emt 0:00:18]} b6 {[%emt 0:01:07]} 24. R5c2 {[%emt 0:00:41]} Bf5 {[%emt 0:00:03]} 25. Rb2 {[%emt 0:01:35]} a5 {[%emt 0:00:27]} 26. bxa5 {[%emt 0:00:17]} bxa5 {[%emt 0:00:08]} 27. Rb7 {[%emt 0:00:24]} Rc8 {[%emt 0:00:17]} 28. Bb5 {[%emt 0:00:13]} Be4 {[%emt 0:00:32]} 29. Ne1 {[%emt 0:00:03]} Qg6 {[%emt 0:00:14]} 30. Qc3 {[%emt 0:00:32]} Ne7 {[%emt 0:00:11]} 31. Rxc7 {[%emt 0:00:07]} Rdd8 {[%emt 0:00:05]} 32. Qxa5 {[%emt 0:00:11]} Ra8 {[%emt 0:00:26]} 33. Qb4 {[%emt 0:00:12]} Nc8 {[%emt 0:00:40]} 34. Bc6 {[%emt 0:00:46]} Ra6 {[%emt 0:00:28]} 35. Bb7 {[%emt 0:00:11]} Rb6 {[%emt 0:00:08]} 36. Qc5 {[%emt 0:00:04]} Rxb7 {[%emt 0:00:28]} 37. Rxb7 {[%emt 0:00:04]} Nd6 {[%emt 0:00:03]} 38. Rb6 {[%emt 0:00:04]} Bf5 {[%emt 0:00:08]} 39. a5 {[%emt 0:00:13]} Qe6 {[%emt 0:00:08]} 40. a6 {[%emt 0:00:14]} Qe7 {[%emt 0:00:02]} 41. Qb4 {[%emt 0:00:16]} Kh7 {[%emt 0:00:16]} 42. a7 {[%emt 0:00:04]} 1-0

[Event "European Online Club-ch-D 2021"]
[Site "Online"]
[Date "2021.03.27"]
[Round "3.18"]
[White "Nandhidhaa, P V"]
[Black "Vymazal, Bronislav"]
[Result "0-1"]
[WhiteElo "2365"]
[BlackElo "2350"]
[Annotator "NA"]
[PlyCount "94"]
[EventDate "2021.03.27"]
[EventType "team-tourn"]
[EventCountry "NET"]
[SourceTitle "playchess.com"]
[Source "ChessBase"]
[SourceQuality "1"]
[TimeControl "900+5"]

1. e4 {[%emt 0:00:00]} c5 {[%emt 0:00:12]} 2. Nf3 {[%emt 0:00:09]} Nc6 {[%emt 0:00:02]} 3. Bb5 {[%emt 0:00:04]} Qb6 {[%emt 0:00:03]} 4. Nc3 {[%emt 0:00:31]} e6 {[%emt 0:00:02]} 5. O-O {[%emt 0:00:12]} Nge7 {[%emt 0:00:03]} 6. Re1 {[%emt 0:00:17]} a6 {[%emt 0:01:14]} 7. Bf1 {[%emt 0:00:05]} Ng6 {[%emt 0:00:54]} 8. b3 {[%emt 0:02:29]} Bd6 {[%emt 0:00:30]} 9. Bb2 {[%emt 0:00:30]} Qc7 {[%emt 0:00:04]} 10. Ne2 {[%emt 0:03:00]} O-O {[%emt 0:04:34]} 11. d4 {[%emt 0:00:32]} cxd4 {[%emt 0:00:47]} 12. Nexd4 {[%emt 0:00:04]} b5 {[%emt 0:00:52]} 13. Bxb5 {[%emt 0:01:10]} Nxd4 {[%emt 0:00:04]} 14. Qxd4 {[%emt 0:00:11]} e5 {[%emt 0:00:05]} 15. Qa4 {[%emt 0:00:49]} axb5 {[%emt 0:00:32]} 16. Qxa8 {[%emt 0:00:13]} Bb7 {[%emt 0:00:12]} 17. Qxf8+ {[%emt 0:00:35]} Kxf8 {[%emt 0:00:11]} 18. c4 {[%emt 0:00:10]} bxc4 {[%emt 0:00:57]} 19. Rec1 {[%emt 0:00:14]} Bxe4 {[%emt 0:00:23]} 20. Rxc4 {[%emt 0:00:02]} Qb7 {[%emt 0:00:02]} 21. Rd1 {[%emt 0:00:14]} Bxf3 {[%emt 0:00:34]} 22. Rxd6 {[%emt 0:00:05]} Bc6 {[%emt 0:01:07]} 23. Ba3 {[%emt 0:00:13]} Ke8 {[%emt 0:00:49]} 24. Bc5 {[%emt 0:00:27]} f6 {[%emt 0:00:51]} 25. f3 {[%emt 0:00:12]} Nf4 {[%emt 0:00:07]} 26. h4 {[%emt 0:01:07]} h5 {[%emt 0:00:14]} 27. Kf2 {[%emt 0:00:37]} Ne6 {[%emt 0:00:05]} 28. Be3 {[%emt 0:00:05]} Ke7 {[%emt 0:00:08]} 29. Rd2 {[%emt 0:00:14]} d5 {[%emt 0:00:03]} 30. Bc5+ {[%emt 0:00:24]} Kf7 {[%emt 0:00:28]} 31. Rb4 {[%emt 0:00:10]} Qa8 {[%emt 0:00:43]} 32. Bd6 {[%emt 0:00:28]} Qa7+ {[%emt 0:00:12]} 33. Kg3 {[%emt 0:00:19]} Nf4 {[%emt 0:00:21]} 34. Rc2 {[%emt 0:00:29]} Qg1 {[%emt 0:00:03]} 35. Bc5 {[%emt 0:00:37]} d4 {[%emt 0:00:09]} 36. Bxd4 {[%emt 0:00:12]} Qe1+ {[%emt 0:00:02]} 37. Bf2 {[%emt 0:00:07]} Qxb4 {[%emt 0:00:02]} 38. Rxc6 {[%emt 0:00:01]} Ne2+ {[%emt 0:00:11]} 39. Kh2 {[%emt 0:00:07]} Qf4+ {[%emt 0:00:03]} 40. Kh3 {[%emt 0:00:19]} e4 {[%emt 0:00:04]} 41. Rc4 {[%emt 0:00:24]} f5 {[%emt 0:00:09]} 42. Ra4 {[%emt 0:00:16]} Qd2 {[%emt 0:00:04]} 43. fxe4 {[%emt 0:00:02]} Nc3 {[%emt 0:00:10]} 44. Ra7+ {[%emt 0:00:02]} Kg8 {[%emt 0:00:03]} 45. Bg3 {[%emt 0:00:02]} Nxe4 {[%emt 0:00:03]} 46. Be5 {[%emt 0:00:01]} Qe3+ {[%emt 0:00:07]} 47. g3 {[%emt 0:00:02]} Qxa7 {[%emt 0:00:02]} 0-1

[Event "European Online Club-ch-D 2021"]
[Site "Online"]
[Date "2021.03.27"]
[Round "3.19"]
[White "Kusa, Jakub"]
[Black "Dauletova, Gulmira"]
[Result "1-0"]
[WhiteElo "2336"]
[BlackElo "2285"]
[Annotator "NA"]
[PlyCount "91"]
[EventDate "2021.03.27"]
[EventType "team-tourn"]
[EventCountry "NET"]
[SourceTitle "playchess.com"]
[Source "ChessBase"]
[SourceQuality "1"]
[TimeControl "900+5"]

1. e4 {[%emt 0:00:00]} e5 {[%emt 0:00:03]} 2. Nf3 {[%emt 0:00:06]} Nc6 {[%emt 0:00:02]} 3. Bb5 {[%emt 0:00:04]} a6 {[%emt 0:00:03]} 4. Ba4 {[%emt 0:00:03]} Nf6 {[%emt 0:00:03]} 5. O-O {[%emt 0:00:04]} Be7 {[%emt 0:00:03]} 6. d3 {[%emt 0:00:03]} b5 {[%emt 0:00:03]} 7. Bb3 {[%emt 0:00:04]} d6 {[%emt 0:00:12]} 8. a3 {[%emt 0:00:57]} O-O {[%emt 0:00:13]} 9. Nc3 {[%emt 0:00:05]} Bg4 {[%emt 0:00:30]} 10. Be3 {[%emt 0:00:05]} Nd4 {[%emt 0:02:28]} 11. Bxd4 {[%emt 0:00:04]} exd4 {[%emt 0:00:01]} 12. Nd5 {[%emt 0:00:02]} c5 {[%emt 0:00:07]} 13. h3 {[%emt 0:00:23]} Be6 {[%emt 0:00:02]} 14. Nxf6+ {[%emt 0:01:00]} Bxf6 {[%emt 0:00:02]} 15. Bxe6 {[%emt 0:00:43]} fxe6 {[%emt 0:00:02]} 16. a4 {[%emt 0:00:47]} Qb6 {[%emt 0:00:26]} 17. axb5 {[%emt 0:01:07]} axb5 {[%emt 0:00:06]} 18. Qd2 {[%emt 0:00:51]} h6 {[%emt 0:02:52]} 19. Qe2 {[%emt 0:01:08]} Qc7 {[%emt 0:00:36]} 20. Rfe1 {[%emt 0:03:27]} e5 {[%emt 0:04:32]} 21. c3 {[%emt 0:00:49]} dxc3 {[%emt 0:01:39]} 22. bxc3 {[%emt 0:00:03]} Ra5 {[%emt 0:00:02]} 23. Rxa5 {[%emt 0:02:16]} Qxa5 {[%emt 0:00:02]} 24. Qb2 {[%emt 0:00:04]} b4 {[%emt 0:00:39]} 25. Ra1 {[%emt 0:00:23]} Qb6 {[%emt 0:00:02]} 26. Qb3+ {[%emt 0:00:42]} Kh7 {[%emt 0:00:02]} 27. Nd2 {[%emt 0:00:03]} Rb8 {[%emt 0:00:10]} 28. Nc4 {[%emt 0:00:10]} Qc7 {[%emt 0:00:17]} 29. Ne3 {[%emt 0:00:26]} Bg5 {[%emt 0:00:10]} 30. Nd5 {[%emt 0:00:18]} Qb7 {[%emt 0:00:05]} 31. Rb1 {[%emt 0:00:07]} Qf7 {[%emt 0:00:30]} 32. cxb4 {[%emt 0:00:16]} cxb4 {[%emt 0:00:44]} 33. Qc4 {[%emt 0:00:12]} Bd2 {[%emt 0:00:18]} 34. Qc2 {[%emt 0:00:18]} Bg5 {[%emt 0:00:02]} 35. Rxb4 {[%emt 0:00:07]} Rxb4 {[%emt 0:00:15]} 36. Nxb4 {[%emt 0:00:01]} Bd8 {[%emt 0:00:11]} 37. Nd5 {[%emt 0:00:03]} Ba5 {[%emt 0:00:05]} 38. Qc8 {[%emt 0:00:06]} Be1 {[%emt 0:00:06]} 39. Qc2 {[%emt 0:00:08]} Qa7 {[%emt 0:00:15]} 40. Qe2 {[%emt 0:00:08]} Qa1 {[%emt 0:00:02]} 41. Kh2 {[%emt 0:00:06]} Bc3 {[%emt 0:00:03]} 42. Qf3 {[%emt 0:00:05]} Bd4 {[%emt 0:00:10]} 43. Qf5+ {[%emt 0:00:02]} Kh8 {[%emt 0:00:04]} 44. Qf8+ {[%emt 0:00:05]} Kh7 {[%emt 0:00:01]} 45. Ne7 {[%emt 0:00:04]} h5 {[%emt 0:00:13]} 46. Qf5+ {[%emt 0:00:02]} 1-0

[Event "European Online Club-ch-D 2021"]
[Site "Online"]
[Date "2021.03.27"]
[Round "3.20"]
[White "Muminova, Nafisa"]
[Black "Zeman, Matyas"]
[Result "1/2-1/2"]
[WhiteElo "2274"]
[BlackElo "2261"]
[Annotator "NA"]
[PlyCount "63"]
[EventDate "2021.03.27"]
[EventType "team-tourn"]
[EventCountry "NET"]
[SourceTitle "playchess.com"]
[Source "ChessBase"]
[SourceQuality "1"]
[TimeControl "900+5"]

1. d4 {[%emt 0:00:00]} e6 {[%emt 0:00:06]} 2. Nc3 {[%emt 0:00:03]} d5 {[%emt 0:00:06]} 3. Bf4 {[%emt 0:00:03]} Nf6 {[%emt 0:00:11]} 4. Nb5 {[%emt 0:00:09]} Na6 {[%emt 0:00:04]} 5. e3 {[%emt 0:00:02]} c6 {[%emt 0:00:03]} 6. Nc3 {[%emt 0:00:02]} b6 {[%emt 0:00:22]} 7. g4 {[%emt 0:01:17]} h6 {[%emt 0:00:32]} 8. Bg2 {[%emt 0:00:14]} Bd6 {[%emt 0:00:04]} 9. Qf3 {[%emt 0:00:17]} Qe7 {[%emt 0:00:56]} 10. Nge2 {[%emt 0:00:10]} Nc7 {[%emt 0:00:27]} 11. Qg3 {[%emt 0:00:14]} Bxf4 {[%emt 0:00:04]} 12. exf4 {[%emt 0:00:06]} Qd6 {[%emt 0:02:04]} 13. h4 {[%emt 0:00:20]} Bd7 {[%emt 0:00:43]} 14. O-O-O {[%emt 0:00:48]} O-O-O {[%emt 0:00:11]} 15. g5 {[%emt 0:00:22]} Nh5 {[%emt 0:00:16]} 16. Qe3 {[%emt 0:00:03]} g6 {[%emt 0:00:26]} 17. Bf3 {[%emt 0:00:07]} Ng7 {[%emt 0:00:03]} 18. Ng3 {[%emt 0:00:13]} h5 {[%emt 0:01:30]} 19. Qe5 {[%emt 0:00:04]} Qxe5 {[%emt 0:00:20]} 20. fxe5 {[%emt 0:00:03]} Kb7 {[%emt 0:02:46]} 21. Be2 {[%emt 0:00:15]} Nb5 {[%emt 0:00:27]} 22. Bxb5 {[%emt 0:00:23]} cxb5 {[%emt 0:00:00]} 23. b4 {[%emt 0:00:06]} Rc8 {[%emt 0:00:20]} 24. Nce2 {[%emt 0:00:07]} Rc4 {[%emt 0:00:19]} 25. c3 {[%emt 0:00:04]} Rhc8 {[%emt 0:00:02]} 26. Kb2 {[%emt 0:00:02]} a5 {[%emt 0:00:20]} 27. a3 {[%emt 0:00:03]} a4 {[%emt 0:00:18]} 28. Rd3 {[%emt 0:00:15]} R4c7 {[%emt 0:00:23]} 29. Rhd1 {[%emt 0:00:15]} Nf5 {[%emt 0:00:06]} 30. Nxf5 {[%emt 0:00:02]} exf5 {[%emt 0:00:00]} 31. f4 {[%emt 0:00:05]} Be6 {[%emt 0:00:02]} 32. Re3 {[%emt 0:00:09]} 1/2-1/2

[Event "European Online Club-ch-D 2021"]
[Site "Online"]
[Date "2021.03.27"]
[Round "4.1"]
[White "Eren, Ataberk"]
[Black "Tokhirjonova, Gulrukhbegim"]
[Result "1/2-1/2"]
[WhiteElo "2306"]
[BlackElo "2362"]
[Annotator "NA"]
[PlyCount "144"]
[EventDate "2021.03.27"]
[EventType "team-tourn"]
[EventCountry "NET"]
[SourceTitle "playchess.com"]
[Source "ChessBase"]
[SourceQuality "1"]
[TimeControl "900+5"]

1. d4 {[%emt 0:00:00]} e6 {[%emt 0:00:04]} 2. Bf4 {[%emt 0:00:22]} d5 {[%emt 0:00:05]} 3. e3 {[%emt 0:00:02]} c5 {[%emt 0:00:10]} 4. c3 {[%emt 0:00:02]} Nc6 {[%emt 0:00:02]} 5. Nd2 {[%emt 0:00:01]} Bd6 {[%emt 0:00:03]} 6. Bg3 {[%emt 0:00:03]} Nf6 {[%emt 0:00:04]} 7. Ngf3 {[%emt 0:00:02]} Bxg3 {[%emt 0:00:21]} 8. hxg3 {[%emt 0:00:01]} Qd6 {[%emt 0:00:02]} 9. Bb5 {[%emt 0:00:05]} Bd7 {[%emt 0:00:01]} 10. Bxc6 {[%emt 0:00:06]} Bxc6 {[%emt 0:00:03]} 11. Ne5 {[%emt 0:00:02]} Nd7 {[%emt 0:00:18]} 12. Ndf3 {[%emt 0:00:06]} h6 {[%emt 0:01:16]} 13. g4 {[%emt 0:00:19]} Rf8 {[%emt 0:00:06]} 14. Qc2 {[%emt 0:00:11]} Nxe5 {[%emt 0:01:17]} 15. Nxe5 {[%emt 0:00:03]} O-O-O {[%emt 0:00:05]} 16. Qh7 {[%emt 0:00:45]} cxd4 {[%emt 0:00:36]} 17. exd4 {[%emt 0:00:06]} f6 {[%emt 0:02:16]} 18. Nxc6 {[%emt 0:00:23]} Qxc6 {[%emt 0:00:28]} 19. Qxg7 {[%emt 0:00:12]} Rg8 {[%emt 0:00:02]} 20. Qxf6 {[%emt 0:00:30]} Rxg4 {[%emt 0:00:02]} 21. O-O-O {[%emt 0:00:56]} Rxg2 {[%emt 0:00:16]} 22. Rxh6 {[%emt 0:00:05]} Re8 {[%emt 0:00:05]} 23. Re1 {[%emt 0:00:19]} Qa4 {[%emt 0:00:57]} 24. Rh7 {[%emt 0:00:31]} Qxa2 {[%emt 0:02:08]} 25. Qf7 {[%emt 0:03:25]} Qa1+ {[%emt 0:00:03]} 26. Kc2 {[%emt 0:00:06]} Qa4+ {[%emt 0:00:06]} 27. Kd2 {[%emt 0:00:09]} Qc6 {[%emt 0:00:08]} 28. Ra1 {[%emt 0:00:56]} a6 {[%emt 0:00:26]} 29. Ra5 {[%emt 0:00:06]} b5 {[%emt 0:02:28]} 30. Kc1 {[%emt 0:02:54]} Rg1+ {[%emt 0:00:26]} 31. Kc2 {[%emt 0:00:22]} Rf1 {[%emt 0:00:43]} 32. Kd2 {[%emt 0:01:38]} Rd8 {[%emt 0:01:40]} 33. Ke2 {[%emt 0:02:15]} Qc4+ {[%emt 0:00:09]} 34. Ke3 {[%emt 0:00:11]} Re1+ {[%emt 0:00:11]} 35. Kf4 {[%emt 0:00:01]} e5+ {[%emt 0:00:17]} 36. Kg5 {[%emt 0:00:27]} Rg1+ {[%emt 0:00:08]} 37. Kf6 {[%emt 0:00:08]} Qc6+ {[%emt 0:00:12]} 38. Qe6+ {[%emt 0:00:08]} Qxe6+ {[%emt 0:00:06]} 39. Kxe6 {[%emt 0:00:01]} exd4 {[%emt 0:00:01]} 40. cxd4 {[%emt 0:00:06]} Rg6+ {[%emt 0:00:13]} 41. Ke5 {[%emt 0:00:01]} Re8+ {[%emt 0:00:14]} 42. Kxd5 {[%emt 0:00:11]} Rg5+ {[%emt 0:00:01]} 43. Kd6 {[%emt 0:00:01]} Rg6+ {[%emt 0:00:03]} 44. Kc5 {[%emt 0:00:01]} Rf8 {[%emt 0:00:06]} 45. Ra1 {[%emt 0:00:11]} Rxf2 {[%emt 0:00:02]} 46. Re1 {[%emt 0:00:03]} Rc2+ {[%emt 0:00:02]} 47. Kd5 {[%emt 0:00:01]} Rc7 {[%emt 0:00:02]} 48. Re8+ {[%emt 0:00:04]} Kb7 {[%emt 0:00:02]} 49. Rxc7+ {[%emt 0:00:02]} Kxc7 {[%emt 0:00:01]} 50. Re7+ {[%emt 0:00:01]} Kc8 {[%emt 0:00:13]} 51. Re6 {[%emt 0:00:04]} Rg2 {[%emt 0:00:04]} 52. b4 {[%emt 0:00:12]} Kb7 {[%emt 0:00:06]} 53. Re7+ {[%emt 0:00:01]} Kb6 {[%emt 0:00:02]} 54. Re6+ {[%emt 0:00:01]} Kb7 {[%emt 0:00:02]} 55. Re7+ {[%emt 0:00:06]} Kb6 {[%emt 0:00:01]} 56. Ke6 {[%emt 0:00:11]} a5 {[%emt 0:00:08]} 57. bxa5+ {[%emt 0:00:04]} Kxa5 {[%emt 0:00:01]} 58. d5 {[%emt 0:00:00]} b4 {[%emt 0:00:08]} 59. d6 {[%emt 0:00:02]} Re2+ {[%emt 0:00:16]} 60. Kd5 {[%emt 0:00:02]} Rd2+ {[%emt 0:00:03]} 61. Kc5 {[%emt 0:00:04]} Rc2+ {[%emt 0:00:01]} 62. Kd5 {[%emt 0:00:01]} Rd2+ {[%emt 0:00:01]} 63. Kc6 {[%emt 0:00:01]} Rc2+ {[%emt 0:00:01]} 64. Kb7 {[%emt 0:00:04]} b3 {[%emt 0:00:08]} 65. Re5+ {[%emt 0:00:08]} Ka4 {[%emt 0:00:10]} 66. Re4+ {[%emt 0:00:24]} Ka3 {[%emt 0:00:08]} 67. Re3 {[%emt 0:00:03]} Ka2 {[%emt 0:00:05]} 68. d7 {[%emt 0:00:20]} b2 {[%emt 0:00:07]} 69. Re1 {[%emt 0:00:04]} Rd2 {[%emt 0:00:05]} 70. Kc7 {[%emt 0:00:04]} Rxd7+ {[%emt 0:00:05]} 71. Kxd7 {[%emt 0:00:02]} b1=Q {[%emt 0:00:02]} 72. Rxb1 {[%emt 0:00:01]} Kxb1 {[%emt 0:00:02]} 1/2-1/2